000 00619nam a2200241#a 4500
001 00380
003 HDC
007 ta
008 230623s2023 xx 000 0 eng d
040 _aHDC
050 _aSF 492
_b.P46
245 0 _aPanduan penternakan burung puyuh
264 _aShah Alam
_bJabatan Perkhidmatan Veterinar Negeri Selangor
300 _a31p. :
_b ill. ;
_c 20cm
650 _aPoultry industry
650 _aPoultry
_xBreeding
650 _aQuails
_x Breeding
700 _aJabatan Perkhidmatan Veterinar Negeri Selangor
942 _2lcc
942 _cBK
942 _kSF 492
942 _m.P46
999 _c22021
_d22021